[Event "Eurasia Open Cup 2018"]
[Site "Jekaterienburg"]
[Date "2018.08.01"]
[Round "1"]
[White "Sarana, Alexey"]
[Black "Vazhenin, Alexei"]
[Result "1-0"]
[WhiteElo "2613"]
[BlackElo "2138"]
[Annotator "TA"]
[PlyCount "87"]
[EventDate "2018.08.01"]
[EventType "swiss"]
[EventCountry "RUS"]
[SourceTitle "playchess.com"]
[Source "ChessBase"]
[SourceQuality "1"]

{[%evp 25,87,124,120,120,115,108,128,91,95,64,69,60,82,84,87,60,57,52,85,66,95,108,99,71,89,39,85,74,78,81,85,75,81,84,68,67,87,41,59,34,72,39,199,189,210,220,212,212,319,308,270,276,306,252,402,418,401,374,2078,2074,5256,5252,5235,1785]} 1. d4 Nf6 2. c4 g6 3. Nc3 Bg7 4. e4 d6 5. Nf3 O-O 6. Be2 e5 7. Be3 Ng4 8. Bg5 f6 9. Bh4 {[%cal Bg5h4,Bh4g3,Bg3f2,Bf2e3][%mdl 32]} g5 10. Bg3 Nc6 {E92: King's Indian: Classical: 6 Be2 e5: 7 dxe5, 7 Be3 and Petrosian System without 7...Nbd7} 11. d5 Ne7 12. Nxg5 Nxf2 13. Bxf2 fxg5 {LiveBook: 5 Games} 14. Be3 Ng6 15. g3 a6 $146 ({Predecessor:} 15... Bh3 16. Qd2 h6 17. O-O-O Qd7 18. Rhg1 Kh7 19. g4 Nf4 20. Rg3 Bg2 21. Rg1 h5 22. R3xg2 Nxg2 23. Rxg2 h4 {1-0 (23) Inarkiev,E (2664)-Gluhovsky,M (2194) St Petersburg 2015}) 16. Bg4 h6 17. Bxc8 Qxc8 18. Qh5 Qe8 19. O-O-O Ne7 20. Qxe8 (20. Qg4 {is interesting.} Qc8 21. Qe6+ Qxe6 22. dxe6 Rf3 23. Rhe1) 20... Raxe8 21. c5 Rf3 22. Kd2 Ref8 23. cxd6 cxd6 24. Rc1 g4 25. Ne2 {Black must now prevent Rc7.} Ng6 26. Rc7 R3f7 27. Rhc1 h5 28. Rxf7 Rxf7 29. Rc8+ Rf8 30. Rc4 Rf7 31. Ke1 Bf6 32. Nc1 Kg7 33. Nb3 Kg8 $2 (33... Nf8 $14) 34. Na5 $18 Bd8 {[#]} 35. Nxb7 $1 {[%mdl 512]} Rxb7 36. Rc8 Rxb2 (36... Rd7 {was called for.}) 37. Rxd8+ {[%mdl 4096] Endgame KRB-KRN} Kf7 {[#]} 38. Rd7+ $1 ({Don't take} 38. Rxd6 $6 Rxa2 39. Rd7+ Kf6 $16) 38... Kg8 39. Rxd6 Kf7 (39... Nf8 {was necessary.} 40. Rxa6 Rxh2) 40. Rxa6 Rxh2 41. Ra7+ Ke8 $2 (41... Kf6 42. Bb6 Nf8 43. Bd8+ Kg6) 42. d6 {Intending d7+ and mate.White is clearly winning.} Nf8 43. Re7+ Kd8 44. Bb6+ {Precision: White = 76%, Black = 32%.} 1-0

[Event "Eurasia Open Cup 2018"]
[Site "Jekaterienburg"]
[Date "2018.08.01"]
[Round "1"]
[White "Timofeev, Artyom"]
[Black "Ponomarev, Grigori"]
[Result "1-0"]
[WhiteElo "2590"]
[BlackElo "2135"]
[Annotator "ChessBase"]
[PlyCount "79"]
[EventDate "2018.08.01"]
[EventType "swiss"]
[EventCountry "RUS"]
[SourceTitle "playchess.com"]
[Source "ChessBase"]
[SourceQuality "1"]
[TimeControl "5400+30"]

1. d4 {[%emt 1:15:20]} Nf6 {[%emt 1:15:32]} 2. c4 {[%emt 0:01:14]} c6 {[%emt 0:00:20]} 3. Nc3 {[%emt 0:01:00]} d5 {[%emt 0:00:21]} 4. Nf3 {[%emt 0:00:27]} e6 {[%emt 0:00:27]} 5. e3 {[%emt 0:00:38]} Nbd7 {[%emt 0:00:29]} 6. Bd3 {[%emt 0:01:06]} dxc4 {[%emt 0:00:20]} 7. Bxc4 {[%emt 0:00:20]} b5 {[%emt 0:00:20]} 8. Bd3 {[%emt 0:00:28]} Bb7 {[%emt 0:00:40]} 9. O-O {[%emt 0:00:44]} a6 {[%emt 0:00:21]} 10. e4 {[%emt 0:00:41]} c5 {[%emt 0:00:23]} 11. d5 {[%emt 0:00:31]} Qc7 {[%emt 0:00:21]} 12. dxe6 {[%emt 0:01:58]} fxe6 {[%emt 0:00:20]} 13. Ne2 {[%emt 0:00:31]} c4 {[%emt 0:05:40]} 14. Bc2 {[%emt 0:00:57]} O-O-O {[%emt 0:02:41]} 15. Ned4 {[%emt 0:09:26]} Nc5 {[%emt 0:03:06]} 16. e5 {[%emt 0:02:29]} Nfd7 {[%emt 0:06:29]} 17. Qe2 {[%emt 0:00:30]} Bd5 {[%emt 0:00:30]} 18. Bg5 {[%emt 0:00:30]} Re8 {[%emt 0:00:30]} 19. b4 {[%emt 0:00:30]} Nd3 {[%emt 0:00:30]} 20. a4 {[%emt 0:00:30]} N3xe5 {[%emt 0:00:30]} 21. axb5 {[%emt 0:00:30]} Nxf3+ {[%emt 0:00:30]} 22. Nxf3 {[%emt 0:00:30]} axb5 {[%emt 0:00:30]} 23. Be4 {[%emt 0:00:23]} Bxb4 {[%emt 0:00:22]} 24. Bxd5 {[%emt 0:00:27]} exd5 {[%emt 0:00:23]} 25. Ra8+ {[%emt 0:00:40]} Nb8 {[%emt 0:00:23]} 26. Qb2 {[%emt 0:00:22]} Qd6 {[%emt 0:00:52]} 27. Bf4 {[%emt 0:00:38]} Qxf4 {[%emt 0:00:23]} 28. Qxb4 {[%emt 0:00:21]} Qc7 {[%emt 0:00:22]} 29. Nd4 {[%emt 0:00:22]} Qb6 {[%emt 0:00:45]} 30. Nxb5 {[%emt 0:00:22]} Re6 {[%emt 0:00:22]} 31. Ra7 {[%emt 0:00:55]} Rd8 {[%emt 0:00:22]} 32. Rxg7 {[%emt 0:00:30]} Na6 {[%emt 0:00:46]} 33. Qb1 {[%emt 0:00:22]} Rde8 {[%emt 0:00:30]} 34. Rxh7 {[%emt 0:00:22]} Nc5 {[%emt 0:00:22]} 35. Ra7 {[%emt 0:00:46]} Kb8 {[%emt 0:00:22]} 36. Rf7 {[%emt 0:00:22]} Nb3 {[%emt 0:00:22]} 37. Nc7 {[%emt 0:00:38]} Nd2 {[%emt 0:00:22]} 38. Qa2 {[%emt 0:00:22]} Qb7 {[%emt 0:01:02]} 39. Qxd2 {[%emt 0:00:22]} Rc8 {[%emt 0:00:21]} 40. Nxe6 {[%emt 0:00:46]} 1-0

[Event "Eurasia Open Cup 2018"]
[Site "Jekaterienburg"]
[Date "2018.08.01"]
[Round "1"]
[White "Rozum, Ivan"]
[Black "Volkov, Roman"]
[Result "1-0"]
[WhiteElo "2581"]
[BlackElo "2123"]
[Annotator "TA"]
[PlyCount "91"]
[EventDate "2018.08.01"]
[EventType "swiss"]
[EventCountry "RUS"]
[SourceTitle "playchess.com"]
[Source "ChessBase"]
[SourceQuality "1"]

{[%evp 15,91,13,9,-10,4,25,29,44,41,46,46,46,49,43,51,60,52,45,43,32,38,38,48,28,54,35,46,41,46,35,79,62,65,58,72,71,68,70,77,58,138,62,59,51,103,100,101,113,113,87,151,88,89,79,79,96,97,91,189,189,181,179,234,233,348,368,372,364,428,427,395,413,382,377,612,612,604,604]} 1. Nf3 Nf6 2. c4 g6 3. g3 Bg7 4. Bg2 O-O 5. O-O d5 6. cxd5 Nxd5 7. Nc3 Nb6 8. d3 Nc6 {LiveBook: 346 Games} 9. Nd2 {A16: English Opening: 1...Nf6 with ...d5} (9. Be3 h6 10. Qc1 Kh7 11. Rd1 Be6 12. Ne4 Qc8 13. Qc2 Rd8 14. a3 a5 15. Bd2 Bd5 16. Bc3 e5 17. b4 Nd4 18. Bxd4 exd4 {0-1 (32) Kveinys,A (2511)-Lagarde,M (2587) Reykjavik 2018}) 9... Nd4 10. e3 $146 ({Predecessor:} 10. Nb3 e5 11. Bd2 c6 12. Re1 h6 13. Nc5 Qe7 14. b4 a5 15. e3 axb4 16. exd4 bxc3 17. Bxc3 {0-1 (54) Rakov,A (1973)-Gorozhanin,M (2370) Nizhny Novgorod 2015}) 10... Nf5 11. d4 {White has an edge.} e5 12. dxe5 Bxe5 13. Qc2 c6 14. Rd1 Qe7 15. Nf3 Bg7 16. e4 Nd6 17. Bg5 f6 18. Bf4 Nf7 19. Nd4 Bg4 20. f3 Bd7 21. Qb3 Rae8 22. a4 {[%cal Ba2a4,Ba4a5][%mdl 32] Hoping for a5.} Bc8 23. a5 Nd7 24. Qc2 $36 {[%mdl 2048] Black is under pressure.} a6 25. Na4 Kh8 26. Ra3 Nfe5 27. Be3 Qb4 (27... c5 $14) 28. Qc3 (28. Bf2 $1 $16) 28... Qxc3 $14 29. Rxc3 Rf7 (29... Nf7 $14) 30. h3 {Strongly threatening f4.} Rfe7 31. f4 Nf7 32. Nb3 Nd8 ({Black should try} 32... Rd8) 33. Nbc5 (33. Rcd3 $142 {aiming for Nbc5.} Ne6 34. Kh2) 33... Nxc5 $16 34. Bxc5 Rd7 35. Rxd7 Bxd7 36. Rd3 Be6 {[#]} (36... Bc8 $16 {was necessary.}) 37. Bb6 $1 $18 {[%cal Rb6d8]} Nf7 38. Nc5 Bc8 {[#]} (38... Bf8 $142 39. Nxb7 Rb8) 39. Nxb7 $1 {[%mdl 512]} Bxb7 (39... Bf8 $142) 40. Rd7 $1 {[%csl LRb7,LRf7]} Nd6 41. Rxd6 c5 42. Rd7 Bc6 43. Rc7 Bb5 44. Rxc5 Bf8 $2 {[#]} (44... Bd3 45. Rc7 Kg8) 45. Rxb5 $1 axb5 46. a6 {Precision: White = 77%, Black = 50%.} 1-0

[Event "Eurasia Open Cup 2018"]
[Site "Jekaterienburg"]
[Date "2018.08.01"]
[Round "1"]
[White "Pridorozhni, Aleksei"]
[Black "Kolomensky, Vladimir"]
[Result "1-0"]
[WhiteElo "2564"]
[BlackElo "2104"]
[Annotator "TA"]
[PlyCount "63"]
[EventDate "2018.08.01"]
[EventType "swiss"]
[EventCountry "RUS"]
[SourceTitle "playchess.com"]
[Source "ChessBase"]
[SourceQuality "1"]

{[%evp 19,63,0,0,-13,-7,-40,-31,-49,-46,-53,-58,-47,49,54,63,23,30,16,62,42,95,84,106,112,106,87,91,85,104,104,161,161,188,163,188,193,212,182,162,171,273,236,272,243,385,385]} 1. c4 Nf6 2. g3 e6 3. Bg2 d5 4. Nf3 dxc4 5. Qa4+ Nbd7 6. Qxc4 c5 7. O-O b6 8. d4 Bb7 9. Rd1 Rc8 {E03: Open Catalan: 5 Qa4+ Nbd7 6 Qxc4} (9... cxd4 10. Nxd4 Bxg2 11. Kxg2 Qc8 12. Nd2 Bc5 13. b4 Bxd4 14. Qxd4 Qc6+ 15. Kg1 O-O 16. Bb2 a5 17. bxa5 Rxa5 {0-1 (30) Cordova,E (2609)-Miton,K (2604) Havana 2015}) 10. Nc3 a6 {LiveBook: 17 Games} 11. Qb3 $146 ({Predecessor:} 11. Qd3 b5 12. dxc5 Bxc5 13. Ng5 Bxg2 14. Kxg2 O-O 15. Nce4 h6 16. Nxc5 Rxc5 17. Nf3 {0-1 (40) Diamant,A (2492)-Cubas,J (2409) Barreirinhas 2015}) 11... b5 {The position is equal.} 12. a3 Qb6 13. Be3 Ng4 $1 14. Na2 c4 15. Qc3 a5 ({Black should try} 15... Ndf6 $15) 16. Bd2 $14 Ra8 17. Ne1 (17. a4 $5) 17... Be7 {[#]} 18. a4 $1 {[%mdl 512] Black should prevent Bxb7.} b4 (18... bxa4 19. Qxc4) 19. Qxc4 Rc8 (19... Bxg2 $14 20. Kxg2 O-O) 20. Qb5 $16 Ba6 21. Qxb6 Nxb6 22. Bf3 Nf6 23. Nc1 Nc4 24. Ned3 Nd5 (24... Nxd2 $16 25. Rxd2 O-O) 25. Nb3 $18 Nxd2 26. Rxd2 {Threatens to win with Ndc5.} Bxd3 27. Rxd3 Rc2 28. Rd2 Rxd2 29. Nxd2 Bd8 (29... Kd7 {was called for.} 30. Nc4 Bd8 31. Ne5+ Ke7) 30. Rc1 Kd7 31. Rc5 Bb6 (31... Ne7 {might work better.} 32. Nc4 Nf5 33. Ne5+ (33. Nxa5 Nxd4 34. Nc4 Nxf3+ 35. exf3 Bc7 $16) 33... Ke7) 32. Rb5 {Precision: White = 74%, Black = 38%.} 1-0

[Event "Eurasia Open Cup 2018"]
[Site "Jekaterienburg"]
[Date "2018.08.01"]
[Round "1"]
[White "Matsenko, Sergei"]
[Black "Martynyuk, Elizaveta"]
[Result "1-0"]
[WhiteElo "2533"]
[BlackElo "2090"]
[Annotator "TA"]
[PlyCount "70"]
[EventDate "2018.08.01"]
[EventType "swiss"]
[EventCountry "RUS"]
[SourceTitle "playchess.com"]
[Source "ChessBase"]
[SourceQuality "1"]

{[%evp 19,70,22,29,28,77,75,78,32,16,12,44,18,25,0,19,16,39,12,55,28,121,134,151,162,145,154,204,174,267,255,458,461,466,442,799,782,1091,1089,1083,1093,1090,1085,1019,1006,1235,1025,1209,1172,1743,1662,29976,29977,29997]} 1. d4 d5 2. c4 c6 3. e3 Nf6 4. Nc3 e6 5. Bd3 Nbd7 6. b3 {D31: Queen's Gambit Declined: Semi-Slav without ...Nf6 (+ Marshall Gambit and Noteboom) and Exchange Variation lines without ...Nf6} Bd6 7. f4 b6 8. Nf3 Bb7 9. O-O O-O 10. Bb2 c5 {LiveBook: 3 Games} 11. cxd5 Nxd5 12. Nxd5 Bxd5 13. e4 Bb7 {[#]} 14. e5 $146 Be7 15. Qc2 h6 16. Bh7+ Kh8 17. Be4 $36 {[%mdl 2048] White fights for an advantage.} Qc7 18. Rac1 Rac8 19. Rfd1 Qb8 {[#]} (19... b5 $11 {keeps the balance.}) 20. d5 $1 $16 {[%cal Rd5e6] Threatens to win with dxe6.} Bxd5 21. Bxd5 exd5 22. Rxd5 Qc7 23. Rcd1 Nb8 (23... Rfd8 {might work better.} 24. f5 (24. Qf5 Nf8 $16) 24... f6) 24. f5 $18 {[%cal Bf4f5,Bf5f6][%mdl 32]} Rfd8 $2 (24... Rfe8 25. e6 f6) 25. f6 Rxd5 26. Rxd5 Qc6 (26... c4 $142 27. fxe7 Qxe7 28. bxc4 Nc6) 27. Qd2 Bf8 {[#]} 28. e6 $1 {[%mdl 512]} Qxe6 29. fxg7+ Bxg7 30. Rd6 Qg4 31. h3 Qg3 32. Rxh6+ Kg8 33. Rh4 f6 34. Rg4 Qc7 35. Bxf6 Kh8 {Precision: White = 69%, Black = 13%.} 1-0

[Event "Eurasia Open Cup 2018"]
[Site "Jekaterienburg"]
[Date "2018.08.01"]
[Round "1"]
[White "Tsydypov, Zhamsaran"]
[Black "Tyurin, Ilya"]
[Result "1-0"]
[WhiteElo "2514"]
[BlackElo "2168"]
[Annotator "RC"]
[PlyCount "37"]
[EventDate "2018.08.01"]
[EventType "swiss"]
[EventCountry "RUS"]
[SourceTitle "playchess.com"]
[Source "ChessBase"]
[SourceQuality "1"]
[TimeControl "5400+30"]

1. e4 {[%emt 0:03:51]} c6 {[%emt 0:00:00]} 2. d4 {[%emt 0:00:00]} d5 {[%emt 0:00:02]} 3. e5 {[%emt 0:00:00]} Bf5 {[%emt 0:00:07]} 4. h4 {[%emt 0:00:00]} a6 {[%emt 0:00:11]} 5. g4 {[%emt 0:00:06]} Bd7 {[%emt 0:00:00]} 6. Nc3 {[%emt 0:00:03]} e6 {[%emt 0:01:16]} 7. Be3 {[%emt 0:00:06]} Qc7 {[%emt 0:03:00]} 8. Nf3 {[%emt 0:01:03]} c5 {[%emt 0:01:34]} 9. dxc5 {[%emt 0:00:17]} Bxc5 {[%emt 0:05:35]} 10. Bxc5 {[%emt 0:00:49]} Qxc5 {[%emt 0:00:07]} 11. Qd2 {[%emt 0:00:02]} Nc6 {[%emt 0:06:01]} 12. O-O-O {[%emt 0:03:05]} O-O-O {[%emt 0:07:38]} 13. Bd3 {[%emt 0:05:39]} Nge7 {[%emt 0:20:28]} 14. g5 {[%emt 0:10:25]} Nd4 {[%emt 0:16:39]} 15. Qe3 {[%emt 0:00:59]} Nec6 {[%emt 0:02:04]} 16. Bf1 {[%emt 0:00:17]} Nb3+ {[%emt 0:04:45]} 17. axb3 {[%emt 0:01:41]} Qa5 {[%emt 0:00:09]} 18. Na4 {[%emt 0:00:47]} b5 {[%emt 0:03:44]} 19. Qb6 {[%emt 0:00:07]} 1-0

[Event "Eurasia Open Cup 2018"]
[Site "Jekaterienburg"]
[Date "2018.08.01"]
[Round "1"]
[White "Kabanov, Nikolai"]
[Black "Fomin, Pavel V"]
[Result "1-0"]
[WhiteElo "2475"]
[BlackElo "2056"]
[Annotator "TA"]
[PlyCount "107"]
[EventDate "2018.08.01"]
[EventType "swiss"]
[EventCountry "RUS"]
[SourceTitle "playchess.com"]
[Source "ChessBase"]
[SourceQuality "1"]

{[%evp 16,107,-2,-14,0,0,0,-11,25,19,42,15,33,0,30,30,29,25,26,7,22,0,86,0,0,0,87,75,182,48,53,39,54,47,43,42,27,47,32,11,35,58,132,120,167,160,148,143,182,173,159,115,106,58,133,0,115,0,145,0,0,-25,-18,-93,-103,-112,-10,-54,-50,-46,-46,-35,-37,-52,-15,-11,0,0,0,0,0,0,262,255,252,239,318,294,369,372,1500,1470,12842,12843]} 1. d4 Nf6 2. Nf3 c5 3. e3 g6 4. Be2 Bg7 5. O-O O-O 6. c4 cxd4 7. exd4 d5 8. Nc3 Nc6 9. h3 {LiveBook: 307 Games. D94: Grünfeld: 4 Nf3 Bg7 5 e3} (9. Bf4 dxc4 10. d5 Na5 11. Be5 Bf5 12. Qd4 Qb6 13. Rfe1 Rfd8 14. Rad1 Qxd4 15. Nxd4 Nxd5 16. Nxf5 Bxe5 17. Rxd5 Bxc3 18. Nxe7+ {1-0 (34) Ivanchuk,V (2704)-Dominguez Perez,L (2726) Beijing 2014}) 9... e6 10. Bg5 h6 11. Be3 $146 {The position is equal.} ({Predecessor:} 11. Bf4 Ne4 12. Rc1 Qf6 13. Be5 Nxe5 14. dxe5 Qd8 15. cxd5 Nxc3 16. Rxc3 exd5 {½-½ (34) Schlinkert,K (2092)-Lainburg,V (2223) Templin 2004}) 11... Ne4 12. Rc1 Kh7 13. cxd5 exd5 14. Qb3 Nxc3 15. Rxc3 Na5 16. Qa3 Be6 17. b3 Nc6 18. Rfc1 f5 (18... Qb6 $11) 19. Rxc6 (19. Bb5 $16) 19... bxc6 $11 20. Rxc6 Bf7 (20... Qe8 $11 21. Qc5 Rc8 22. Rxc8 Qxc8) 21. Bf4 $16 Be8 {[#]} (21... a5 $16) 22. Rd6 (22. Bc7 $1 $18 {[%cal Rc7d8]} Qd7 23. Ne5 Bxe5 24. Bxe5) 22... Qe7 $1 $14 {[%cal Re7e2]} 23. Be5 {Black must now prevent Bxg7.} Bxe5 24. Nxe5 {Rd7 is the strong threat.} Rd8 25. Ra6 $1 {[%csl LRa7,LRe7]} Qxa3 26. Rxa3 Ra8 27. Bf3 a5 28. Bxd5 Ra6 ({Black should try} 28... Ra7 $14) 29. b4 $1 $16 a4 30. Rc3 $36 {[%mdl 2048] Keeping Black busy.} Kg7 31. a3 Kf6 32. Rc5 Rb6 33. Ra5 Rd6 34. Nc4 Rd7 (34... Rd8 $14) 35. Ne5 {Strongly threatening Ra6+.} Rd6 $1 36. Rc5 Rb6 $1 37. Rc8 (37. f4 $16) 37... Rd6 $11 38. Bf3 Rxd4 39. Nc4 (39. b5 $11 {remains equal.} Bxb5 40. Rxf8+ Kxe5 41. Ra8) 39... Ke7 $17 {Threatens to win with ...Bb5.} 40. Nb6 {[#]} Bb5 (40... Rd3 $1 $17 41. Nd5+ Kf7 42. Rc7+ Ke6) 41. Nd5+ Kf7 42. Rc7+ Ke6 43. Rc5 Bd7 44. Ra5 Rc8 45. Ra6+ Ke5 46. Ne7 $1 {[%cal Re7g6]} Rc1+ 47. Kh2 {[%cal Re7g6]} Be8 48. Ra8 Bf7 $2 {[%mdl 8192]} (48... Bb5 $11) 49. Nc6+ $18 Rxc6 50. Bxc6 Rd2 51. b5 ({Not} 51. Bxa4 Rxf2 52. Bc6 f4 $16) 51... Bd5 52. Rd8 Rd4 $2 {[#]} (52... Bxc6 53. Rxd2 Bxb5) 53. f4+ $1 {[%mdl 512]} Ke4 (53... Rxf4 54. Rxd5+) 54. Rxd5 {Precision: White = 41%, Black = 37%.} 1-0

[Event "Eurasia Open Cup 2018"]
[Site "Jekaterienburg"]
[Date "2018.08.01"]
[Round "1"]
[White "Fakhrutdinov, Timur"]
[Black "Pingin, Artem"]
[Result "1-0"]
[WhiteElo "2463"]
[BlackElo "2040"]
[Annotator "TA"]
[PlyCount "63"]
[EventDate "2018.08.01"]
[EventType "swiss"]
[EventCountry "RUS"]
[SourceTitle "playchess.com"]
[Source "ChessBase"]
[SourceQuality "1"]

{[%evp 21,63,45,43,51,51,9,55,0,67,92,82,57,57,43,148,123,162,56,141,122,140,136,140,154,174,211,268,275,383,387,386,377,505,341,1275,1235,1008,551,29986,29987,29997,29998,29998,29999]} 1. e4 c5 2. Nf3 e6 3. d4 cxd4 4. Nxd4 d6 5. Nc3 Nf6 6. g4 {[%cal Bg2g4,Bg4g5][%mdl 32]} a6 7. g5 Nfd7 8. Be3 b5 9. a3 Bb7 10. Qd2 Nb6 {B81: Sicilian Scheveningen: Keres Attack} 11. O-O-O N8d7 $1 {LiveBook: 4 Games} 12. h4 Rc8 {White is slightly better.} 13. Rg1 $146 ({Predecessor:} 13. h5 Ne5 14. f4 Nec4 15. Bxc4 Nxc4 16. Qd3 Qb6 17. h6 gxh6 18. gxh6 {1-0 (41) Navara,D (2722)-Graf,A (2606) Germany 2011}) 13... Ne5 14. h5 (14. f4 $14 Nec4 15. Qf2) 14... g6 (14... Nbc4 $11 15. Qe1 Qa5) 15. f4 $14 Nec4 16. Bxc4 Nxc4 17. Qd3 Nxe3 (17... gxh5 $14 18. Rh1 Qb6) 18. Qxe3 $16 Qb6 19. Qd3 (19. Qh3 $18 {And now hxg6 would win.} Bg7 20. Nxe6 fxe6 21. Qxe6+ Kf8 22. hxg6 hxg6 23. f5) 19... b4 (19... Bg7 $1 $14) 20. axb4 Qxb4 {[#]} 21. f5 $1 {[%cal Rf5e6]} e5 22. Nde2 Rb8 23. b3 gxf5 24. exf5 Rd8 25. Nd5 Bxd5 26. Qxd5 Qb6 27. Kb2 Qf2 $2 (27... Qc5 28. Nc3 Qxd5 29. Nxd5 Rc8) 28. Qc6+ $18 Rd7 29. Nc3 {[%cal Be2c3,Bc3d5,Bd5c7][%mdl 32] [#] Black must now prevent Ne4.} Qxf5 30. Qc8+ {White mates.} Ke7 31. Nd5+ Ke6 32. Nc7+ {Precision: White = 50%, Black = 25%.} 1-0

[Event "Eurasia Open Cup 2018"]
[Site "Jekaterienburg"]
[Date "2018.08.01"]
[Round "1"]
[White "Badmatsyrenov, Oleg"]
[Black "Khubukshanov, Erdem"]
[Result "1/2-1/2"]
[WhiteElo "2454"]
[BlackElo "2031"]
[Annotator "ChessBase"]
[PlyCount "36"]
[EventDate "2018.08.01"]
[EventType "swiss"]
[EventCountry "RUS"]
[SourceTitle "playchess.com"]
[Source "ChessBase"]
[SourceQuality "1"]
[TimeControl "5400+30"]

1. e4 {[%emt 0:00:00]} c5 {[%emt 0:00:00]} 2. Nf3 {[%emt 0:00:00]} e6 {[%emt 0:00:00]} 3. d4 {[%emt 0:00:00]} cxd4 {[%emt 0:00:00]} 4. Nxd4 {[%emt 0:00:00]} Nf6 {[%emt 0:00:11]} 5. Nc3 {[%emt 0:00:09]} Nc6 {[%emt 0:00:00]} 6. Ndb5 {[%emt 0:00:06]} d6 {[%emt 0:00:00]} 7. Bf4 {[%emt 0:00:05]} e5 {[%emt 0:00:24]} 8. Bg5 {[%emt 0:00:05]} a6 {[%emt 0:00:00]} 9. Na3 {[%emt 0:00:05]} Be6 {[%emt 0:00:00]} 10. Nc4 {[%emt 0:01:42]} Rb8 {[%emt 0:00:00]} 11. Ne3 {[%emt 0:00:33]} Be7 {[%emt 0:00:33]} 12. h4 {[%emt 0:01:01]} O-O {[%emt 0:03:30]} 13. g3 {[%emt 0:00:24]} Nd4 {[%emt 0:02:17]} 14. Bg2 {[%emt 0:00:32]} Qb6 {[%emt 0:06:56]} 15. Rb1 {[%emt 0:01:18]} Qc5 {[%emt 0:02:03]} 16. O-O {[%emt 0:00:25]} b5 {[%emt 0:04:51]} 17. Rc1 {[%emt 0:28:03]} b4 {[%emt 0:10:54]} 18. Bxf6 {[%emt 0:04:42]} bxc3 {[%emt 0:08:30]} 1/2-1/2

[Event "Eurasia Open Cup 2018"]
[Site "Jekaterienburg"]
[Date "2018.08.01"]
[Round "1"]
[White "Patrushev, Konstantin"]
[Black "Artemiev, Vladislav"]
[Result "0-1"]
[WhiteElo "2138"]
[BlackElo "2702"]
[Annotator "TA"]
[PlyCount "70"]
[EventDate "2018.08.01"]
[EventType "swiss"]
[EventCountry "RUS"]
[SourceTitle "playchess.com"]
[Source "ChessBase"]
[SourceQuality "1"]

{[%evp 18,70,34,39,39,43,45,23,44,58,72,57,71,37,97,108,223,7,0,15,2,-26,-16,-47,0,-56,-65,-82,-58,-48,-54,-56,-43,-103,-103,-106,-102,-105,-45,-81,-62,-187,-137,-302,-284,-343,-350,-632,-348,-968,-973,-1883,-1784,-1748,-1718]} 1. d4 d5 2. Nf3 Nf6 3. c4 c6 4. cxd5 cxd5 5. Nc3 Nc6 6. Bf4 Nh5 7. Bd2 {D13: Slav Defence: Exchange variation without ...Bf5} e6 8. e3 Bd6 9. Ne5 Nf6 10. f4 {LiveBook: 3 Games} O-O 11. Bd3 Ne7 12. O-O a6 $146 ({Predecessor:} 12... b6 13. Be1 Bb7 14. Bh4 Ne4 15. Bxe4 dxe4 {1-0 (63) Ivanchuk,V (2729)-Morozevich,A (2721) Monte Carlo 2006}) 13. Rf3 b5 14. Rh3 $1 {And now Bxh7+! would win.} h6 15. Be1 {Strongly threatening Bh4.} b4 (15... Bb7 $14) 16. Bh4 $1 $16 {[%cal Rh4f6]} Ne8 (16... Ng6 $16 {keeps fighting.}) 17. Nc6 $2 ({White should play} 17. Ng4 $18 bxc3 18. Nxh6+ $1 {[%mdl 512]} gxh6 19. Qg4+ Ng7 20. Rg3) 17... Qc7 $1 $11 18. Nxe7+ Bxe7 19. Bxe7 (19. Na4 $5 {[%cal Ra1c1]} Bxh4 20. Rxh4 $14) 19... Qxe7 20. Ne2 e5 {[%cal Be6e5,Be5e4][%mdl 32]} 21. Rh5 (21. dxe5 $11 Bxh3 22. gxh3) 21... e4 $1 $36 {[%cal Re4d3][%mdl 2048] Black has some pressure.} 22. Bc2 f5 23. Nc1 Nf6 24. Rh3 Be6 25. Nb3 (25. Ba4 $15) 25... Nd7 $17 26. Na5 {[#]} Rfc8 $1 27. Rg3 {[#]} Rc7 (27... Qd8 $1 $17 {[%cal Rd8a5]} 28. Nb3 a5) 28. Bb3 Rac8 29. h3 (29. Qe2 $1 $15) 29... Bf7 30. Kh2 $2 (30. Qd2 $17) 30... Nf6 $19 31. Qf1 Nh5 32. Qxa6 $2 (32. Bd1 Rc1 33. Qxa6 Nxg3 34. Kxg3) 32... Kh7 33. Bxd5 $2 (33. Bd1 Nxg3 34. Kxg3) 33... Qh4 {Black is clearly winning.} ({Less strong is} 33... Bxd5 34. Qg6+ Kg8 35. Qxh5 $17) 34. Rg4 fxg4 35. Bxe4+ Kh8 {Precision: White = 35%, Black = 35%.} 0-1